| 000 | 00923nam a2200313 a 4500 | ||
|---|---|---|---|
| 003 | AR-BaBNM | ||
| 005 | 20251128210621.0 | ||
| 008 | 082120s2002 ||||||||||||||000 | spa|| | ||
| 020 | _a987-97019-7-6 | ||
| 040 | _cAR-BaBNM | ||
| 100 | 1 | _aAchilli, Elena Libia | |
| 245 | 0 | 0 | _aInvestigación y formación docente |
| 260 |
_aRosario _bLaborde Editor _c2000 |
||
| 300 |
_a87 p. _bgráfs. |
||
| 490 | 0 |
_aUniversitas. Formación docente _vv. 3 |
|
| 500 | _aContiene referencias bibliográficas | ||
| 650 | 4 | _aTALLERES [METODO PEDAGOGICO] | |
| 650 | 4 | _aFORMACION DE DOCENTES | |
| 650 | 4 | _aPERFECCIONAMIENTO DEL DOCENTE | |
| 650 | 4 | _aCONOCIMIENTO | |
| 650 | 4 | _aPRAXIS EDUCATIVA | |
| 650 | 4 | _aETNOGRAFIA | |
| 650 | 4 | _aANTROPOLOGIA DE LA EDUCACION | |
| 653 | _aINVESTIGACION EDUCATIVA | ||
| 800 | 1 |
_aGodoy, Cristina _edirector |
|
| 800 | 1 |
_aLaboranti, María Inés _edirector |
|
| 942 | _cBK | ||
| 998 | _cRaquel | ||
| 999 |
_c16194 _d16194 |
||